Biblioteca

Four keys to a better family life (Registro nro. 69393)

Detalles MARC
000 -LÍDER
Campo fijo de descripción fija 00939nab a22002057i 4500
001 - NÚMERO DE CONTROL
Campo de control 768714001
003 - IDENTIFICADOR DEL NÚMERO DE CONTROL
Campo de control CO-MdFUSB
005 - FECHA Y HORA DE LA ULTIMA TRANSACCIÓN
control field 20240426084856.0
008 - ELEMENTOS DE LONGITUD FIJA -- INFORMACIÓN GENERAL
Campo fijo de descripción fija -- Información general 240425t1981 us ||||| |||| 00| 0 eng d
040 ## - FUENTE DE CATALOGACIÓN
Idioma de catalogación spa
Agencia que realiza la transcripción CO-MdFUSB
Agencia que realiza la modificación CO-MdFUSB
041 ## - CÓDIGO DE IDIOMA
Código de idioma para texto/pista de sonido o título separado eng
100 ## - ASIENTO PRINCIPAL--NOMBRE PERSONAL
Nombre personal Palms, Roger C.,
Término relacionador autor
245 ## - TÍTULO
Título Four keys to a better family life
Mención de responsabilidad / Roger C. Palms
300 ## - DESCRIPCIÓN FÍSICA
Extensión Volumen 2, número 4 (fall, 1981), páginas: 39 - 42
Dimensiones ; 27 cm
520 ## - NOTA DE RESUMEN, ETC.
Nota de sumario, etc. Cuatro claves para una mejor vida familiar, es una reflexión sobre las siguientes cuestiones:<br/>¿Cuál es el mensaje que se debe dar a los líderes de la iglesia acerca de sus familias? ¿Cómo puede un pastor mantener un buen equilibrio entre el hogar y la iglesia?<br/>
546 ## - NOTA DE IDIOMA
Nota de idioma Texto en inglés.
650 #0 - ASIENTO SECUNDARIO DE MATERIA - TERMINO TEMÁTICO
Término temático o nombre geográfico como elemento de entrada Familias
9 (RLIN) 292
773 0# - ASIENTO DE ITEM FUENTE
Biblionumber 68780
Itemnumber 82550
Otro identificador del ítem R2484
Título Leadership :
Número de control del registro (CO-MdFUSB)768714001
Parte(s) relacionada(s) / Volumen., número. (mes año), páginas Volumen 2, número 4 (fall, 1981), páginas: 39 - 42
Enumeración y primera página página: 39
942 ## - TIPO DE MATERIAL (KOHA)
Tipo de Item KOHA Artículos de Revista

No hay ítems disponibles.

Biblioteca FUSBC | Teléfono: (57+4) 349 88 10 Ext. 141| WhatsApp (+57) 3005338115 
E-mail: biblioteca@unisbc.edu.co | Calle 76 87-14 Robledo Palenque, Medellín, Colombia

Con tecnología Koha